000 01394cab a2200241 4500
001 ##L133785
008 060609n2006 000 0 eng u
035 _a(Sirsi) u133785
041 0 _aeng
100 1 _aSmith, Kristina
245 0 0 _aOne 'L' of a carry on
260 _c2006
490 0 _aConstruction Manager
_vJune 2006, 18-21(4)
520 _aExamines the problems caused to building control surveyors by the introduction of Part L of the Building Regulations. The speed of introduction, together with lack of guidance documentation and the usual lead-in period, took many surveyors by surprise, and caused uncertainty for developers and contractors. It is anticipated that small builders will be particularly hard hit, as new applications must show the carbon dioxide output of a building, which can only be calculated by someone authorised to use the approved software. This is expected to add substantially to the costs of small projects.
590 _aIKA200606, KA
650 2 4 _aBUILDING REGULATIONS 2000 APPROVED DOCUMENT L1A (2006 EDITION)
650 2 4 _aBUILDING REGULATIONS 2000 APPROVED DOCUMENT L1B (2006 EDITION)
650 2 4 _aBUILDING REGULATIONS 2000 APPROVED DOCUMENT L2A (2006 EDITION)
650 2 4 _aBUILDING REGULATIONS 2000 APPROVED DOCUMENT L2B (2006 EDITION)
651 4 _aEngland and Wales
_y1543-
690 _aBuilding regulations
_96224
942 _n0
999 _c77204
_d77204